000 00560nam a2200205Ia 4500
003 GCL
008 140319s9999 xx 000 0 eng d
040 _aGCL /
_cGCL
082 0 4 _a301.01
_bN S
100 1 _aNICHOLSON, LINDA
245 1 0 _aSOCIAL POSTMODERNISM: BEYOND INENTITY POLITICS /
_cNICHOLSON, LINDA
700 1 _aSEIDMAN, STEVEN
260 _a[S.N] :
_bCAMBRIBGE UNIVERSITY PRESS ،
_c1995
300 _a397 P
650 0 4 _aMETHODOLOGY
650 0 4 _aSOCIOLOGY
650 0 4 _aSOCIAL MOVEMENT
650 0 4 _aPOLITICAL SOCIOLOGY
942 _2ddc
_cBK
999 _c23785
_d23785